| 000 | 00673nam a2200205Ia 4500 | ||
|---|---|---|---|
| 008 | 191130s2001##################000#0#eng## | ||
| 020 | _a9780333947708 | ||
| 040 |
_aACL _cACL |
||
| 082 | _a362.10420941 ASH | ||
| 100 | _aLynn, Ashburner | ||
| 245 |
_aOrganisational behaviour and organisational studies in health care : reflections on the future _cAshburner, Lynn |
||
| 260 |
_aBasingstoke, Hampshire ; New York _bPalgrave _c2001 |
||
| 300 | _axxiii, 305 p. ; 23 cm | ||
| 500 | _aIncludes Index | ||
| 650 | _aHealth Services Administration | ||
| 650 | _aOrganizational behavior | ||
| 990 | _ada116683ac10000c13d654c7f40283a2 | ||
| 991 | _a368469 | ||
| 999 |
_c28860 _d28860 |
||